[Event "Rapid 2018"]
[Site "Saint-Petersburg"]
[Date "2018.12.28"]
[Round "13"]
[Board "86"]
[White "Belozerov Andrei (RUS)"]
[Black "Zubritskiy Artyom (RUS)"]
[Result "1-0"]
[LiveChessVersion "1.4.8"]
[BlackElo "2397"]
[WhiteElo "2511"]

1. e4 {[%clk 0:15:17]} c5 {[%clk 0:15:19]} 2. Nf3 {[%clk 0:15:26]} d6
{[%clk 0:15:28]} 3. Bb5+ {[%clk 0:15:35]} Bd7 {[%clk 0:15:08]} 4. Bxd7+
{[%clk 0:15:43]} Qxd7 {[%clk 0:15:17]} 5. c4 {[%clk 0:15:52]} g6 {[%clk 0:14:54]}
6. d4 {[%clk 0:15:56]} cxd4 {[%clk 0:15:02]} 7. Nxd4 {[%clk 0:16:04]} Bg7
{[%clk 0:15:11]} 8. b3 {[%clk 0:15:56]} Nc6 {[%clk 0:12:12]} 9. Bb2
{[%clk 0:16:04]} Nf6 {[%clk 0:09:17]} 10. Nc3 {[%clk 0:16:13]} O-O
{[%clk 0:09:18]} 11. O-O {[%clk 0:16:20]} e6 {[%clk 0:07:47]} 12. Re1
{[%clk 0:13:20]} Nxd4 {[%clk 0:05:34]} 13. Qxd4 {[%clk 0:13:28]} Nd5
{[%clk 0:05:40]} 14. Qd2 {[%clk 0:13:26]} Nxc3 {[%clk 0:05:48]} 15. Bxc3
{[%clk 0:13:34]} Bxc3 {[%clk 0:05:56]} 16. Qxc3 {[%clk 0:13:43]} b5
{[%clk 0:06:02]} 17. cxb5 {[%clk 0:09:51]} Qxb5 {[%clk 0:06:10]} 18. Rad1
{[%clk 0:09:50]} Rfd8 {[%clk 0:06:14]} 19. Rd4 {[%clk 0:09:38]} Rac8
{[%clk 0:05:10]} 20. Qd2 {[%clk 0:09:43]} Qe5 {[%clk 0:02:26]} 21. Rd1
{[%clk 0:09:26]} Rc6 {[%clk 0:02:33]} 22. g3 {[%clk 0:06:01]} Rdc8
{[%clk 0:01:40]} 23. Qe3 {[%clk 0:05:45]} a6 {[%clk 0:01:23]} 24. Kg2
{[%clk 0:05:26]} Rc3 {[%clk 0:00:56]} 25. R1d3 {[%clk 0:05:02]} Rxd3
{[%clk 0:00:59]} 26. Qxd3 {[%clk 0:05:08]} Rc6 {[%clk 0:01:07]} 27. b4
{[%clk 0:03:59]} g5 {[%clk 0:01:10]} 28. h3 {[%clk 0:03:54]} Kf8 {[%clk 0:00:57]}
29. a4 {[%clk 0:03:47]} Ke7 {[%clk 0:00:50]} 30. Rc4 {[%clk 0:03:07]} Rxc4
{[%clk 0:00:46]} 31. Qxc4 {[%clk 0:03:16]} Kd7 {[%clk 0:00:52]} 32. Kf3
{[%clk 0:02:38]} h5 {[%clk 0:00:21]} 33. Qxa6 {[%clk 0:01:59]} Qc3+
{[%clk 0:00:29]} 34. Kg2 {[%clk 0:01:39]} Qxb4 {[%clk 0:00:38]} 35. Qa7+
{[%clk 0:01:42]} Ke8 {[%clk 0:00:42]} 36. Qa8+ {[%clk 0:01:45]} Ke7
{[%clk 0:00:46]} 37. a5 {[%clk 0:01:53]} d5 {[%clk 0:00:32]} 38. exd5
{[%clk 0:01:52]} Qe4+ {[%clk 0:00:40]} 39. Kh2 {[%clk 0:01:54]} exd5
{[%clk 0:00:38]} 40. Qa7+ {[%clk 0:01:40]} Kf6 {[%clk 0:00:29]} 41. a6
{[%clk 0:01:44]} h4 {[%clk 0:00:27]} 42. Qb8 {[%clk 0:00:58]} Qf3
{[%clk 0:00:11]} 43. Qb6+ {[%clk 0:00:43]} Kg7 {[%clk 0:00:17]} 44. Qd4+
{[%clk 0:00:52]} Kg6 {[%clk 0:00:22]} 45. gxh4 {[%clk 0:00:58]} Qa3
{[%clk 0:00:18]} 46. a7 {[%clk 0:00:58]} gxh4 {[%clk 0:00:16]} 47. Qg4+
{[%clk 0:01:00]} Kf6 {[%clk 0:00:23]} 48. Qxh4+ {[%clk 0:00:58]} Ke6
{[%clk 0:00:32]} 49. Qg4+ {[%clk 0:01:02]} Ke7 {[%clk 0:00:14]} 50. Qg5+
{[%clk 0:01:03]} 1-0

[Event "Rapid 2018"]
[Site "Saint-Petersburg"]
[Date "2018.12.28"]
[Round "13"]
[Board "87"]
[White "Gordievsky Dmitry (RUS)"]
[Black "Yeritsyan Aram (RUS)"]
[Result "0-1"]
[BlackElo "2209"]
[WhiteElo "2496"]
[LiveChessVersion "1.4.8"]

1. Nf3 {[%clk 0:15:19]} Nf6 {[%clk 0:15:18]} 2. c4 {[%clk 0:15:28]} e6
{[%clk 0:15:26]} 3. b3 {[%clk 0:15:36]} b6 {[%clk 0:15:29]} 4. g3
{[%clk 0:15:44]} Bb7 {[%clk 0:15:37]} 5. Bg2 {[%clk 0:15:53]} Be7
{[%clk 0:15:46]} 6. O-O {[%clk 0:16:01]} O-O {[%clk 0:15:53]} 7. Bb2
{[%clk 0:16:10]} c5 {[%clk 0:15:56]} 8. Nc3 {[%clk 0:16:18]} d5 {[%clk 0:16:02]}
9. e3 {[%clk 0:16:27]} Nbd7 {[%clk 0:16:00]} 10. Qe2 {[%clk 0:16:16]} Rc8
{[%clk 0:15:57]} 11. d3 {[%clk 0:16:06]} Qc7 {[%clk 0:13:17]} 12. Rad1
{[%clk 0:15:48]} e5 {[%clk 0:13:08]} 13. e4 {[%clk 0:15:18]} d4 {[%clk 0:13:09]}
14. Nd5 {[%clk 0:15:01]} Nxd5 {[%clk 0:12:33]} 15. cxd5 {[%clk 0:14:53]} b5
{[%clk 0:11:44]} 16. Nd2 {[%clk 0:15:02]} Nb6 {[%clk 0:11:12]} 17. Bh3
{[%clk 0:15:10]} Rcd8 {[%clk 0:11:04]} 18. Rc1 {[%clk 0:14:54]} Bc8
{[%clk 0:10:38]} 19. Bxc8 {[%clk 0:14:52]} Rxc8 {[%clk 0:10:43]} 20. f4
{[%clk 0:14:52]} Bd6 {[%clk 0:08:49]} 21. fxe5 {[%clk 0:14:27]} Bxe5
{[%clk 0:08:58]} 22. Nf3 {[%clk 0:14:36]} Qe7 {[%clk 0:08:54]} 23. Nxe5
{[%clk 0:14:25]} Qxe5 {[%clk 0:09:03]} 24. Rf5 {[%clk 0:14:18]} Qd6
{[%clk 0:09:12]} 25. Qg4 {[%clk 0:12:41]} a5 {[%clk 0:08:55]} 26. Rcf1
{[%clk 0:12:27]} Rce8 {[%clk 0:07:55]} 27. Qf4 {[%clk 0:11:51]} Qxf4
{[%clk 0:08:03]} 28. gxf4 {[%clk 0:11:58]} f6 {[%clk 0:07:16]} 29. d6
{[%clk 0:10:05]} Nd7 {[%clk 0:07:25]} 30. Rc1 {[%clk 0:08:55]} Rc8
{[%clk 0:07:34]} 31. Kf2 {[%clk 0:08:39]} Kf7 {[%clk 0:06:54]} 32. Rd5
{[%clk 0:08:34]} Ke6 {[%clk 0:06:19]} 33. f5+ {[%clk 0:08:03]} Kf7
{[%clk 0:06:26]} 34. Ke2 {[%clk 0:08:11]} g5 {[%clk 0:06:07]} 35. Bxd4
{[%clk 0:07:14]} cxd4 {[%clk 0:06:15]} 36. Rc7 {[%clk 0:07:24]} Rxc7
{[%clk 0:06:15]} 37. dxc7 {[%clk 0:07:31]} Ke7 {[%clk 0:06:20]} 38. Rxb5
{[%clk 0:06:01]} Rc8 {[%clk 0:06:29]} 39. Rxa5 {[%clk 0:05:58]} Rxc7
{[%clk 0:06:38]} 40. Kd2 {[%clk 0:06:06]} Ne5 {[%clk 0:06:31]} 41. b4
{[%clk 0:05:24]} Rc3 {[%clk 0:06:33]} 42. Ra7+ {[%clk 0:05:24]} Kd8
{[%clk 0:06:38]} 43. b5 {[%clk 0:05:09]} Rxd3+ {[%clk 0:06:46]} 44. Ke2
{[%clk 0:05:05]} Re3+ {[%clk 0:06:35]} 45. Kd1 {[%clk 0:05:10]} Nc4
{[%clk 0:06:25]} 0-1

[Event "Rapid 2018"]
[Site "Saint-Petersburg"]
[Date "2018.12.28"]
[Round "13"]
[Board "88"]
[White "Pershin Denis (RUS)"]
[Black "Vlassov Nikolai (RUS)"]
[Result "1-0"]
[BlackElo "2492"]
[WhiteElo "2353"]
[LiveChessVersion "1.4.8"]

1. d4 {[%clk 0:15:19]} Nf6 {[%clk 0:12:51]} 2. Nc3 {[%clk 0:15:27]} d5
{[%clk 0:13:00]} 3. Bf4 {[%clk 0:15:35]} c6 {[%clk 0:12:54]} 4. e3
{[%clk 0:15:42]} b5 {[%clk 0:12:52]} 5. Bd3 {[%clk 0:15:33]} Bg4 {[%clk 0:12:46]}
6. Nf3 {[%clk 0:14:36]} Nbd7 {[%clk 0:12:51]} 7. h3 {[%clk 0:14:26]} Bh5
{[%clk 0:12:59]} 8. g4 {[%clk 0:12:24]} Bg6 {[%clk 0:13:08]} 9. Ne5
{[%clk 0:12:32]} Rc8 {[%clk 0:10:41]} 10. h4 {[%clk 0:11:20]} e6 {[%clk 0:10:29]}
11. Be2 {[%clk 0:10:33]} b4 {[%clk 0:05:53]} 12. Nb1 {[%clk 0:10:33]} c5
{[%clk 0:04:21]} 13. h5 {[%clk 0:10:29]} Be4 {[%clk 0:04:15]} 14. f3
{[%clk 0:10:38]} Bxc2 {[%clk 0:03:31]} 15. Qxc2 {[%clk 0:10:46]} cxd4
{[%clk 0:03:40]} 16. Qa4 {[%clk 0:10:00]} Rc1+ {[%clk 0:03:35]} 17. Bd1
{[%clk 0:10:09]} Bd6 {[%clk 0:02:13]} 18. exd4 {[%clk 0:09:57]} Rxd1+
{[%clk 0:01:32]} 19. Qxd1 {[%clk 0:10:01]} Qc7 {[%clk 0:01:19]} 20. Qe2
{[%clk 0:09:39]} O-O {[%clk 0:01:16]} 21. Nd2 {[%clk 0:09:39]} Rc8
{[%clk 0:01:02]} 22. O-O {[%clk 0:09:44]} Qc2 {[%clk 0:00:29]} 23. Rac1
{[%clk 0:09:26]} Qxc1 {[%clk 0:00:37]} 24. Rxc1 {[%clk 0:09:35]} Rxc1+
{[%clk 0:00:46]} 25. Kg2 {[%clk 0:09:44]} Nb6 {[%clk 0:00:47]} 26. Nd3
{[%clk 0:09:48]} 1-0

[Event "Rapid 2018"]
[Site "Saint-Petersburg"]
[Date "2018.12.28"]
[Round "13"]
[Board "89"]
[White "Dzhumagaliev Yan (RUS)"]
[Black "Ovchinnikov Vsevolod (RUS)"]
[Result "1-0"]
[BlackElo "2330"]
[WhiteElo "2485"]
[LiveChessVersion "1.4.8"]

1. d4 {[%clk 0:15:19]} Nf6 {[%clk 0:15:19]} 2. c4 {[%clk 0:15:27]} g6
{[%clk 0:15:28]} 3. Nf3 {[%clk 0:15:23]} Bg7 {[%clk 0:15:35]} 4. g3
{[%clk 0:15:30]} d5 {[%clk 0:15:43]} 5. cxd5 {[%clk 0:15:15]} Nxd5
{[%clk 0:15:51]} 6. Bg2 {[%clk 0:15:23]} Nb6 {[%clk 0:15:59]} 7. Nc3
{[%clk 0:14:52]} Nc6 {[%clk 0:16:08]} 8. e3 {[%clk 0:13:31]} O-O {[%clk 0:16:07]}
9. O-O {[%clk 0:13:29]} Re8 {[%clk 0:15:38]} 10. d5 {[%clk 0:11:46]} Na5
{[%clk 0:13:44]} 11. Nd4 {[%clk 0:11:54]} Bd7 {[%clk 0:13:38]} 12. Nb3
{[%clk 0:12:02]} Nxb3 {[%clk 0:09:38]} 13. Qxb3 {[%clk 0:11:59]} e6
{[%clk 0:09:39]} 14. e4 {[%clk 0:11:40]} exd5 {[%clk 0:09:39]} 15. exd5
{[%clk 0:11:48]} a5 {[%clk 0:04:49]} 16. a4 {[%clk 0:11:45]} Qe7 {[%clk 0:04:40]}
17. Nb5 {[%clk 0:08:49]} Bxb5 {[%clk 0:04:32]} 18. Qxb5 {[%clk 0:08:58]} Qb4
{[%clk 0:04:23]} 19. Qxb4 {[%clk 0:09:06]} axb4 {[%clk 0:04:32]} 20. a5
{[%clk 0:09:16]} Nc4 {[%clk 0:04:19]} 21. Ra4 {[%clk 0:09:24]} Rxa5
{[%clk 0:02:14]} 22. Rxb4 {[%clk 0:09:29]} Nd6 {[%clk 0:02:21]} 23. Bf4
{[%clk 0:09:16]} Be5 {[%clk 0:02:22]} 24. Bh6 {[%clk 0:06:12]} Rb5
{[%clk 0:01:56]} 25. Rxb5 {[%clk 0:06:12]} Nxb5 {[%clk 0:02:04]} 26. Rc1
{[%clk 0:05:30]} Bd6 {[%clk 0:00:21]} 27. Be3 {[%clk 0:05:37]} b6
{[%clk 0:00:12]} 28. Bf1 {[%clk 0:05:34]} Na7 {[%clk 0:00:21]} 29. Ra1
{[%clk 0:05:41]} Nc8 {[%clk 0:00:15]} 30. Ra8 {[%clk 0:05:50]} Be5
{[%clk 0:00:14]} 31. Bb5 {[%clk 0:05:56]} Rf8 {[%clk 0:00:22]} 32. Ra2
{[%clk 0:04:41]} Ne7 {[%clk 0:00:17]} 33. Bc4 {[%clk 0:04:34]} Rd8
{[%clk 0:00:14]} 34. Bg5 {[%clk 0:04:42]} Kf8 {[%clk 0:00:13]} 35. b3
{[%clk 0:04:31]} f6 {[%clk 0:00:17]} 36. Bh6+ {[%clk 0:04:12]} Ke8
{[%clk 0:00:26]} 37. Re2 {[%clk 0:04:02]} Kd7 {[%clk 0:00:20]} 38. g4
{[%clk 0:03:12]} Kd6 {[%clk 0:00:22]} 39. Be3 {[%clk 0:02:25]} b5
{[%clk 0:00:14]} 40. f4 {[%clk 0:01:09]} Bc3 {[%clk 0:00:13]} 41. Bxb5
{[%clk 0:01:15]} Nxd5 {[%clk 0:00:22]} 42. Bc1 {[%clk 0:01:18]} Bd4+
{[%clk 0:00:24]} 43. Kg2 {[%clk 0:01:16]} Nc3 {[%clk 0:00:32]} 44. Re8
{[%clk 0:01:14]} Rxe8 {[%clk 0:00:38]} 45. Bxe8 {[%clk 0:01:23]} Nd5
{[%clk 0:00:15]} 46. Kf3 {[%clk 0:01:28]} c5 {[%clk 0:00:13]} 47. Bf7
{[%clk 0:01:34]} Nc7 {[%clk 0:00:14]} 48. h4 {[%clk 0:01:29]} Ke7
{[%clk 0:00:22]} 49. Bc4 {[%clk 0:01:34]} h6 {[%clk 0:00:17]} 50. Ke4
{[%clk 0:01:37]} Bf2 {[%clk 0:00:14]} 51. h5 {[%clk 0:01:44]} gxh5
{[%clk 0:00:11]} 52. gxh5 {[%clk 0:01:53]} Ne8 {[%clk 0:00:19]} 53. Kf5
{[%clk 0:01:55]} Nd6+ {[%clk 0:00:13]} 54. Kg6 {[%clk 0:02:03]} f5
{[%clk 0:00:14]} 55. Bd2 {[%clk 0:01:29]} Bd4 {[%clk 0:00:18]} 56. Ba5
{[%clk 0:01:31]} Be3 {[%clk 0:00:20]} 57. Bb6 {[%clk 0:01:35]} Nc8
{[%clk 0:00:12]} 58. Bc7 {[%clk 0:01:37]} Nd6 {[%clk 0:00:21]} 59. Kxh6
{[%clk 0:01:16]} Bxf4+ {[%clk 0:00:24]} 60. Kg6 {[%clk 0:01:25]} Be5
{[%clk 0:00:18]} 61. Bd5 {[%clk 0:01:24]} Kd7 {[%clk 0:00:13]} 62. Bb6
{[%clk 0:01:19]} Bd4 {[%clk 0:00:14]} 63. b4 {[%clk 0:00:51]} Nc8
{[%clk 0:00:15]} 64. Bxc5 {[%clk 0:00:25]} Ne7+ {[%clk 0:00:14]} 65. Bxe7
{[%clk 0:00:32]} Kxe7 {[%clk 0:00:23]} 66. Kxf5 {[%clk 0:00:39]} Be3
{[%clk 0:00:14]} 67. Kg6 {[%clk 0:00:45]} Kf8 {[%clk 0:00:13]} 68. h6
{[%clk 0:00:53]} Bd4 {[%clk 0:00:20]} 69. h7 {[%clk 0:00:53]} Ke7
{[%clk 0:00:22]} 70. b5 {[%clk 0:01:00]} Kd6 {[%clk 0:00:23]} 71. b6
{[%clk 0:01:06]} 1-0

[Event "Rapid 2018"]
[Site "Saint-Petersburg"]
[Date "2018.12.28"]
[Round "13"]
[Board "90"]
[White "Gaifullin Artur (RUS)"]
[Black "Zablotsky Sergei (RUS)"]
[Result "0-1"]
[BlackElo "2542"]
[WhiteElo "2156"]
[LiveChessVersion "1.4.8"]

1. d4 {[%clk 0:15:19]} d6 {[%clk 0:15:18]} 2. Nf3 {[%clk 0:15:26]} g6
{[%clk 0:15:26]} 3. c4 {[%clk 0:15:29]} Bg7 {[%clk 0:15:34]} 4. e3
{[%clk 0:15:30]} e5 {[%clk 0:15:09]} 5. Nc3 {[%clk 0:14:14]} Nd7 {[%clk 0:14:46]}
6. Be2 {[%clk 0:13:54]} Ngf6 {[%clk 0:14:34]} 7. O-O {[%clk 0:13:35]} O-O
{[%clk 0:14:39]} 8. Re1 {[%clk 0:13:30]} Re8 {[%clk 0:14:11]} 9. Bf1
{[%clk 0:13:31]} e4 {[%clk 0:14:15]} 10. Nd2 {[%clk 0:13:39]} Nf8
{[%clk 0:14:19]} 11. h3 {[%clk 0:13:48]} h5 {[%clk 0:14:25]} 12. b4
{[%clk 0:13:56]} g5 {[%clk 0:12:40]} 13. Qc2 {[%clk 0:12:13]} Qe7
{[%clk 0:12:30]} 14. f3 {[%clk 0:10:23]} exf3 {[%clk 0:10:44]} 15. Nxf3
{[%clk 0:10:32]} g4 {[%clk 0:10:10]} 16. Ng5 {[%clk 0:10:20]} c6 {[%clk 0:08:31]}
17. Bd3 {[%clk 0:09:13]} Nd5 {[%clk 0:06:36]} 18. cxd5 {[%clk 0:06:11]} Qxg5
{[%clk 0:06:35]} 19. Ne4 {[%clk 0:06:03]} Qxd5 {[%clk 0:06:33]} 20. Rf1
{[%clk 0:06:03]} Re6 {[%clk 0:06:01]} 21. h4 {[%clk 0:04:31]} Re7
{[%clk 0:03:40]} 22. Ng5 {[%clk 0:04:11]} Be6 {[%clk 0:02:27]} 23. Bb2
{[%clk 0:04:13]} c5 {[%clk 0:02:06]} 24. Rad1 {[%clk 0:01:59]} cxb4
{[%clk 0:01:37]} 25. Kh1 {[%clk 0:01:10]} Rc8 {[%clk 0:01:37]} 26. Qf2
{[%clk 0:01:17]} Qxa2 {[%clk 0:01:24]} 27. Rd2 {[%clk 0:01:26]} Qb3
{[%clk 0:01:31]} 28. d5 {[%clk 0:00:47]} Bxb2 {[%clk 0:01:21]} 29. dxe6
{[%clk 0:00:55]} fxe6 {[%clk 0:01:16]} 30. Rxb2 {[%clk 0:00:25]} Qxd3
{[%clk 0:01:24]} 31. Qf6 {[%clk 0:00:33]} Rec7 {[%clk 0:00:42]} 32. Rbf2
{[%clk 0:00:33]} Qg6 {[%clk 0:00:45]} 33. Qb2 {[%clk 0:00:31]} Rc2
{[%clk 0:00:48]} 34. Qxb4 {[%clk 0:00:21]} Rxf2 {[%clk 0:00:46]} 35. Rxf2
{[%clk 0:00:31]} g3 {[%clk 0:00:54]} 36. Rf1 {[%clk 0:00:37]} Qd3
{[%clk 0:01:00]} 37. Qe1 {[%clk 0:00:24]} Rc4 {[%clk 0:00:56]} 38. Nf3
{[%clk 0:00:23]} Ng6 {[%clk 0:01:04]} 39. Kg1 {[%clk 0:00:22]} Rg4
{[%clk 0:00:48]} 40. Qa5 {[%clk 0:00:18]} Qxe3+ {[%clk 0:00:56]} 41. Kh1
{[%clk 0:00:27]} Qf4 {[%clk 0:00:45]} 42. Qxh5 {[%clk 0:00:15]} Rxh4+
{[%clk 0:00:52]} 0-1

[Event "Rapid 2018"]
[Site "Saint-Petersburg"]
[Date "2018.12.28"]
[Round "13"]
[Board "91"]
[White "Gurvich Vitaly (RUS)"]
[Black "Sanikidze Tornike (GEO)"]
[Result "0-1"]
[BlackElo "2483"]
[WhiteElo "2255"]
[LiveChessVersion "1.4.8"]

1. c4 {[%clk 0:15:18]} e6 {[%clk 0:15:18]} 2. d4 {[%clk 0:15:26]} d5
{[%clk 0:15:26]} 3. Nf3 {[%clk 0:15:33]} Nf6 {[%clk 0:15:35]} 4. Bg5
{[%clk 0:15:42]} h6 {[%clk 0:15:43]} 5. Bh4 {[%clk 0:15:48]} Bb4+
{[%clk 0:15:32]} 6. Nc3 {[%clk 0:15:39]} dxc4 {[%clk 0:15:33]} 7. Qa4+
{[%clk 0:14:59]} Nc6 {[%clk 0:15:42]} 8. e3 {[%clk 0:15:05]} Bd7 {[%clk 0:15:02]}
9. Qc2 {[%clk 0:13:06]} b5 {[%clk 0:15:10]} 10. Be2 {[%clk 0:13:07]} a6
{[%clk 0:15:07]} 11. O-O {[%clk 0:12:56]} Be7 {[%clk 0:15:15]} 12. Bxf6
{[%clk 0:12:51]} gxf6 {[%clk 0:15:02]} 13. e4 {[%clk 0:11:48]} Qb8
{[%clk 0:12:55]} 14. d5 {[%clk 0:11:18]} Ne5 {[%clk 0:12:56]} 15. Nxe5
{[%clk 0:10:50]} fxe5 {[%clk 0:13:04]} 16. Bg4 {[%clk 0:10:57]} Qb6
{[%clk 0:13:10]} 17. dxe6 {[%clk 0:10:39]} fxe6 {[%clk 0:13:02]} 18. Bh5+
{[%clk 0:10:42]} Kd8 {[%clk 0:13:11]} 19. b3 {[%clk 0:10:14]} cxb3
{[%clk 0:13:05]} 20. axb3 {[%clk 0:09:47]} Kc8 {[%clk 0:13:00]} 21. Rfd1
{[%clk 0:09:33]} Bc5 {[%clk 0:13:06]} 22. Rac1 {[%clk 0:08:09]} Rf8
{[%clk 0:13:11]} 23. Bf3 {[%clk 0:08:03]} Bd4 {[%clk 0:12:35]} 24. Ne2
{[%clk 0:07:35]} Bxf2+ {[%clk 0:12:24]} 25. Kh1 {[%clk 0:07:44]} Be3
{[%clk 0:12:32]} 26. Qd3 {[%clk 0:07:05]} Rd8 {[%clk 0:12:41]} 27. Rc3
{[%clk 0:06:53]} Bg5 {[%clk 0:12:49]} 28. Qc2 {[%clk 0:04:49]} Kb7
{[%clk 0:12:46]} 29. Rc5 {[%clk 0:04:26]} Bc6 {[%clk 0:12:45]} 30. Rxe5
{[%clk 0:04:05]} Rxd1+ {[%clk 0:12:54]} 31. Qxd1 {[%clk 0:04:14]} Rd8
{[%clk 0:13:03]} 32. Qb1 {[%clk 0:03:24]} Rd6 {[%clk 0:13:01]} 33. h3 Qe3
{[%clk 0:11:39]} 34. b4 {[%clk 0:02:08]} Rd2 {[%clk 0:11:06]} 35. Ng1
{[%clk 0:01:36]} Qd4 {[%clk 0:07:24]} 36. Rxe6 {[%clk 0:01:31]} Rb2
{[%clk 0:07:32]} 37. Qf1 {[%clk 0:01:13]} Qc4 {[%clk 0:07:27]} 38. Qxc4
{[%clk 0:01:04]} bxc4 {[%clk 0:07:36]} 39. Ne2 {[%clk 0:01:09]} Be3
{[%clk 0:06:41]} 40. Nc3 {[%clk 0:01:08]} Rxb4 {[%clk 0:06:15]} 41. e5
{[%clk 0:00:58]} Bxf3 {[%clk 0:06:21]} 42. gxf3 {[%clk 0:01:07]} Bd4
{[%clk 0:05:33]} 43. Nd5 {[%clk 0:00:55]} Rb5 {[%clk 0:05:40]} 0-1

[Event "Rapid 2018"]
[Site "Saint-Petersburg"]
[Date "2018.12.28"]
[Round "13"]
[Board "92"]
[White "Masrahi Abdulrahman A (KSA)"]
[Black "Sokolov Andrei (LAT)"]
[Result "0-1"]
[BlackElo "2482"]
[WhiteElo "1878"]
[LiveChessVersion "1.4.8"]

1. d4 {[%clk 0:15:18]} d6 {[%clk 0:15:17]} 2. Bf4 {[%clk 0:15:25]} g6
{[%clk 0:15:21]} 3. e3 {[%clk 0:15:33]} Bg7 {[%clk 0:15:29]} 4. Nf3
{[%clk 0:15:40]} Nd7 {[%clk 0:15:32]} 5. h3 {[%clk 0:15:47]} e5 {[%clk 0:15:38]}
6. Bh2 {[%clk 0:15:54]} Ne7 {[%clk 0:15:46]} 7. Be2 {[%clk 0:15:59]} O-O
{[%clk 0:15:53]} 8. O-O {[%clk 0:16:06]} b6 {[%clk 0:15:34]} 9. a4
{[%clk 0:16:07]} a6 {[%clk 0:15:43]} 10. Nbd2 {[%clk 0:15:52]} Bb7
{[%clk 0:15:51]} 11. Nc4 {[%clk 0:15:51]} Nc6 {[%clk 0:14:46]} 12. c3
{[%clk 0:15:49]} Qe7 {[%clk 0:14:34]} 13. Re1 {[%clk 0:14:29]} Rae8
{[%clk 0:14:12]} 14. Qb3 {[%clk 0:14:05]} Kh8 {[%clk 0:14:02]} 15. Rad1
{[%clk 0:13:19]} f5 {[%clk 0:13:55]} 16. Qa3 {[%clk 0:11:56]} h6 {[%clk 0:11:02]}
17. b4 {[%clk 0:10:50]} e4 {[%clk 0:10:33]} 18. Nfd2 {[%clk 0:10:30]} d5
{[%clk 0:10:40]} 19. Nb2 {[%clk 0:10:29]} Nf6 {[%clk 0:10:46]} 20. Qb3
{[%clk 0:09:56]} g5 {[%clk 0:10:33]} 21. b5 {[%clk 0:09:46]} axb5
{[%clk 0:10:31]} 22. axb5 {[%clk 0:09:49]} Na5 {[%clk 0:10:03]} 23. Qb4
{[%clk 0:09:58]} Qf7 {[%clk 0:09:45]} 24. c4 {[%clk 0:09:13]} dxc4
{[%clk 0:09:51]} 25. Nbxc4 {[%clk 0:09:16]} Nd5 {[%clk 0:09:59]} 26. Qb2
{[%clk 0:08:39]} f4 {[%clk 0:09:37]} 27. Rf1 {[%clk 0:07:45]} f3 {[%clk 0:09:27]}
28. gxf3 {[%clk 0:07:20]} exf3 {[%clk 0:09:34]} 29. Bxf3 {[%clk 0:06:42]} Nxc4
{[%clk 0:09:36]} 30. Nxc4 {[%clk 0:06:43]} Qxf3 {[%clk 0:09:43]} 0-1

[Event "Rapid 2018"]
[Site "Saint-Petersburg"]
[Date "2018.12.28"]
[Round "13"]
[Board "93"]
[White "Hirneise Tobias (GER)"]
[Black "Chen Qi B (CHN)"]
[Result "0-1"]
[BlackElo "2258"]
[WhiteElo "2415"]
[LiveChessVersion "1.4.8"]

1. e4 {[%clk 0:15:18]} e5 {[%clk 0:15:19]} 2. Nf3 {[%clk 0:15:27]} Nc6
{[%clk 0:15:27]} 3. Bb5 {[%clk 0:15:35]} Nf6 {[%clk 0:15:35]} 4. d3
{[%clk 0:15:09]} Bc5 {[%clk 0:15:43]} 5. c3 {[%clk 0:15:18]} O-O {[%clk 0:15:51]}
6. O-O {[%clk 0:15:25]} d6 {[%clk 0:15:59]} 7. Re1 {[%clk 0:15:25]} a6
{[%clk 0:16:04]} 8. Ba4 {[%clk 0:15:34]} Ba7 {[%clk 0:16:05]} 9. h3
{[%clk 0:15:41]} h6 {[%clk 0:15:48]} 10. Nbd2 {[%clk 0:15:49]} Ne7
{[%clk 0:15:48]} 11. Nf1 {[%clk 0:15:58]} Ng6 {[%clk 0:15:52]} 12. Ng3
{[%clk 0:16:07]} Bd7 {[%clk 0:14:10]} 13. Bc2 {[%clk 0:16:09]} Re8
{[%clk 0:14:06]} 14. d4 {[%clk 0:16:18]} c5 {[%clk 0:14:01]} 15. dxc5
{[%clk 0:14:58]} dxc5 {[%clk 0:13:57]} 16. Be3 {[%clk 0:15:05]} Qc7
{[%clk 0:11:48]} 17. a4 {[%clk 0:15:05]} b5 {[%clk 0:11:40]} 18. Qe2
{[%clk 0:13:52]} c4 {[%clk 0:11:30]} 19. Bxa7 {[%clk 0:13:03]} Rxa7
{[%clk 0:11:29]} 20. Qe3 {[%clk 0:13:11]} Rb7 {[%clk 0:10:30]} 21. axb5
{[%clk 0:13:05]} axb5 {[%clk 0:10:39]} 22. Ra6 {[%clk 0:12:59]} Be6
{[%clk 0:10:16]} 23. Nf5 {[%clk 0:12:45]} Rd8 {[%clk 0:09:55]} 24. Nxh6+
{[%clk 0:09:44]} gxh6 {[%clk 0:09:46]} 25. Qxh6 {[%clk 0:09:52]} Rb6
{[%clk 0:09:33]} 26. Rxb6 {[%clk 0:07:51]} Qxb6 {[%clk 0:09:42]} 27. Re3
{[%clk 0:08:00]} Nh7 {[%clk 0:08:35]} 28. h4 {[%clk 0:06:43]} Qc5
{[%clk 0:07:46]} 29. Ng5 {[%clk 0:06:23]} Nxg5 {[%clk 0:07:42]} 30. Qxg5
{[%clk 0:06:16]} Qe7 {[%clk 0:07:45]} 0-1

[Event "Rapid 2018"]
[Site "Saint-Petersburg"]
[Date "2018.12.28"]
[Round "13"]
[Board "94"]
[White "Al Thebaiti Ahmed M (KSA)"]
[Black "Borisenko Viacheslav (UKR)"]
[Result "0-1"]
[BlackElo "2367"]
[WhiteElo "1826"]
[LiveChessVersion "1.4.8"]

1. d4 {[%clk 0:14:18]} d5 {[%clk 0:15:04]} 2. Bf4 {[%clk 0:14:25]} Nf6
{[%clk 0:15:12]} 3. e3 {[%clk 0:14:32]} c5 {[%clk 0:15:21]} 4. c3
{[%clk 0:14:38]} Qb6 {[%clk 0:15:18]} 5. Qb3 {[%clk 0:14:39]} c4 {[%clk 0:15:26]}
6. Qc2 {[%clk 0:14:44]} g6 {[%clk 0:15:32]} 7. Nd2 {[%clk 0:14:04]} Bf5
{[%clk 0:15:35]} 8. Qc1 {[%clk 0:14:10]} Nc6 {[%clk 0:15:30]} 9. Ngf3
{[%clk 0:12:24]} Bg7 {[%clk 0:15:08]} 10. h3 {[%clk 0:12:32]} O-O
{[%clk 0:15:15]} 11. b3 {[%clk 0:12:10]} cxb3 {[%clk 0:15:23]} 12. axb3
{[%clk 0:12:18]} Rac8 {[%clk 0:15:32]} 13. Be2 {[%clk 0:12:07]} Nb4
{[%clk 0:12:51]} 14. O-O {[%clk 0:10:18]} Nc2 {[%clk 0:12:58]} 15. Ra2
{[%clk 0:10:02]} Rxc3 {[%clk 0:13:06]} 16. Qb2 {[%clk 0:09:52]} Rfc8
{[%clk 0:12:53]} 17. g4 {[%clk 0:03:22]} Nb4 {[%clk 0:12:32]} 18. Ra4
{[%clk 0:03:19]} Nd3 {[%clk 0:12:23]} 19. Bxd3 {[%clk 0:03:16]} Bxd3
{[%clk 0:12:30]} 20. Rfa1 {[%clk 0:03:15]} h5 {[%clk 0:12:21]} 21. g5
{[%clk 0:03:14]} Ne4 {[%clk 0:12:22]} 22. Nxe4 {[%clk 0:02:55]} Bxe4
{[%clk 0:11:15]} 23. Ne5 {[%clk 0:02:44]} Rxb3 {[%clk 0:11:18]} 24. Qd2
{[%clk 0:02:52]} Rc2 {[%clk 0:09:46]} 25. Qe1 {[%clk 0:00:31]} a6
{[%clk 0:09:43]} 26. Nd7 {[%clk 0:00:35]} Qe6 {[%clk 0:09:50]} 27. Nc5
{[%clk 0:00:39]} Rxc5 {[%clk 0:09:42]} 28. dxc5 {[%clk 0:00:40]} Qxh3
{[%clk 0:09:49]} 29. f3 {[%clk 0:00:20]} Bxf3 {[%clk 0:09:58]} 30. Qg3 0-1